نابوليون بونابرت : (رقم التسجيلة. 112560)
[ عرض عادي ]
| 000 -LEADER | |
|---|---|
| fixed length control field | 00621nam a22002057a 4500 |
| 005 - DATE AND TIME OF LATEST TRANSACTION | |
| control field | 20251108174554.0 |
| 008 - FIXED-LENGTH DATA ELEMENTS--GENERAL INFORMATION | |
| fixed length control field | 250721s1975 xx 000 0 ara d |
| 082 14 - DEWEY DECIMAL CLASSIFICATION NUMBER | |
| Classification number | ط/923.544/ناب |
| 245 10 - TITLE STATEMENT | |
| Title | نابوليون بونابرت : |
| Remainder of title | قاهر أوروبا / |
| 250 ## - EDITION STATEMENT | |
| Edition statement | ط 6.. |
| 264 1# - PRODUCTION, PUBLICATION, DISTRIBUTION, MANUFACTURE, AND COPYRIGHT NOTICE | |
| Place of production, publication, distribution, manufacture | بيروت : |
| Name of producer, publisher, distributor, manufacturer | دار العلم للملايين، |
| Date of production, publication, distribution, manufacture, or copyright notice | 1975. |
| 300 ## - PHYSICAL DESCRIPTION | |
| Extent | 125ص. |
| 490 0# - SERIES STATEMENT | |
| Series statement | الناجحون |
| 650 17 - SUBJECT ADDED ENTRY--TOPICAL TERM | |
| Topical term or geographic name as entry element | التراجم |
| 650 17 - SUBJECT ADDED ENTRY--TOPICAL TERM | |
| Topical term or geographic name as entry element | القاده العسكريون |
| 650 17 - SUBJECT ADDED ENTRY--TOPICAL TERM | |
| Topical term or geographic name as entry element | تاريخ فرنسا |
| 653 ## - INDEX TERM--UNCONTROLLED | |
| Uncontrolled term | ناشاون كبار (15-18 سنه ) |
| 942 ## - ADDED ENTRY ELEMENTS (KOHA) | |
| Source of classification or shelving scheme | Dewey Decimal Classification |
| Koha item type | كتب |
| حالة السحب | حالة الفقدان | مصدر التصنيف | حالة التلف | غير قابل للإعارة | المكتبة الرئيسية | المكتبة الحالية | موقع الرف | تاريخ التزويد | Total Checkouts | رقم الإستدعاء | الباركود | تاريخ آخر ظهور | تاريخ الفاتورة | نوع المادة (كوها) |
|---|---|---|---|---|---|---|---|---|---|---|---|---|---|---|
| Dewey Decimal Classification | مكتبة أم قصير والمقابلين العامة | مكتبة أم قصير والمقابلين العامة | الأطفال | 05/06/2008 | ط/923.544/ناب | PLD00018199 | 28/07/2025 | 05/06/2008 | كتب |